Statistiques concernant Numéros 9 des clubs de Ligue 1 (2021-2022)

Cliquez ici pour prendre le quiz!

Statistiques générales

  • Ce quiz a été pris 499 fois
  • Le résultat moyen est 9 sur 17

Statistiques - réponses

ClubJoueurNationalité% Correct
LOSC LilleJonathan DavidCanada
98%
Olympique de MarseilleArkadiusz MilikPologne
94%
Paris Saint-GermainMauro IcardiArgentine
92%
Olympique LyonnaisMoussa DembéléFrance
88%
OGC NiceKasper DolbergDanemark
84%
RC Strasbourg AlsaceKévin GaméiroFrance
62%
AS MonacoMyron BoaduPays-Bas
61%
Montpellier MHSCValère GermainFrance
50%
Stade Rennais FCSerhou GuirassyFrance
47%
RC LensIgnatius GanagoCameroun
42%
Stade Brestois 29Franck HonoratFrance
35%
Girondins de BordeauxJosh MajaNigéria
31%
FC MetzNicolas De PrévilleFrance
27%
ESTAC TroyesHyun-Jun SukCorée du Sud
26%
Angers SCOCasimir NingaTchad
20%
AS Saint-ÉtienneIgnacio RamirezUruguay
15%
Clermont Foot 63Jordan TellFrance
4%

Distribution des résultats

Percentile par nombre de réponses

% des personnes avec chaque résultat

Votre développement - résultats

Vous n’avez pas pris ce quiz